| 000 | 00652nam a22001817a 4500 | ||
|---|---|---|---|
| 020 | _qHard Cover. | ||
| 082 | _a004 | ||
| 100 | _aWahab, Abdul ; Sohail, Aqsa ; Jadoon, Mansoor | ||
| 245 |
_aMental Health Care System: _bBased on Emotion Recognition / _cAbdul Wahab ; Aqsa Sohail ; Mansoor Jadoon |
||
| 260 |
_aIslamabad : _bSEECS - NUST, _c2018. |
||
| 300 |
_a60 p. : ill. ; _c30cm. |
||
| 563 | _aHBK | ||
| 650 |
_aSoftware Engineering-Project Report _930818 |
||
| 700 |
_aDr. Imran Malik. _930823 |
||
| 856 | _uhttp://10.250.8.41:8080/xmlui/handle/123456789/19600 | ||
| 942 |
_2ddc _cPR |
||
| 999 |
_c535895 _d535895 |
||